000 01818nam0a22004451 4500
001 rc\3041388
005 20260204000000.0
035 _a(NLR Aleph) 007181594
090 _a7446981
_c7446981
100 _a20111006d1942 u y0rusy50 ca
101 0 _arus
102 _aRU
105 _ay z 000zy
135 _acrcn 024anaba
200 1 _aЛенин - знамя нашей победы
_fМ. Эмдин
210 _a[Ленинград]
_cЛениздат
_d1942
215 _a87, [1] с.
_d18,7х13,0х0,7
320 _aБиблиогр. в подстроч. примеч.
325 _aКопия доступна в Электрон. б-ке РНБ
700 1 _aЭмдин
_bМ. В.
_f1905-1977
_gМоисей Вульфович
_3RU\NLR\AUTH\770227421
801 0 _aRU
_bNLR
_gpsbo
801 1 _aRU
_bELAR
_2rusmarc
852 _aNLR
_jII Л3-256/1-5
852 _aNLR
_jМ20 Г-4/13
856 0 _uhttps://vivaldi.nlr.ru/bx000025443/view
856 1 _uhttps://vivaldi.nlr.ru/bx000025443/cover
856 2 _uhttps://vivaldi.nlr.ru/bx000025443/text
942 _cBOOK
945 _aРоссийская национальная библиотека
980 3 _akpnscan
980 _aNB
980 _aBV
981 3 7 _a(37) Ленинград в Великой Отечественной войне
_b(37) Книги блокадного Ленинграда
981 2 0 _a(20) Книжные памятники РНБ
_b(20) Русский книжный фонд